000 00597nam a22002057a 4500
003 OSt
005 20240626143808.0
008 240626b |||||||| |||| 00| 0 eng d
020 _a0435811460
040 _cDDC
082 _a371.1 HAL 1998
100 _aHallam, Susan
_918103
245 _aInstrumental Teaching: a practical guide to better teaching and learning
260 _aOxford;
_bHeinemannn Educational publishers,
_c1998
300 _axvi,350p; ill: 23cm
504 _aIndex included
650 _aTeaching guide
_918104
650 _aInstrumental guide
_918105
942 _2ddc
_cO_SHELF
999 _c8941
_d8941